Normale Ansicht MARC-Ansicht ISBD

Vtoroj s'ezd narodnych deputatov SSSR (Titelsatznr. 45521)

[ MARC ]
MARC-Details
000 -Satzkennung
Kontrollfeld mit fester Länge 00568nam a22001811cc4500
001 - Kontrollnummer
Kontrollfeld a987680703+Tom6
035 ## - Systemkontrollnummer
System-Kontrollnummer a987680703
008 - Feld mit fester Länge zur physischen Beschreibung - Allgemeine Angaben
Kontrollfeld mit fester Länge 170707s1990 gw |||| 000u rus d
020 ## - Internationale Standardbuchnummer
Internationale Standardbuchnummer 5206001449
Verknüpfung 5-206-00144-9
040 ## - Katalogisierungsquelle
Übertragungsstelle RU-10907106
003 - Kontrollnummer Identifier
Kontrollfeld RU-10907106
245 00 - Titel
Titel Vtoroj s'ezd narodnych deputatov SSSR
Zählung des Teils/der Abteilung eines Werkes Tom 6
264 ## - Produktion, Veröffentlichung, Distribution, Herstellung und Urheberrechtsvermerk
Herstellungs-, Veröffentlichungs- Vertriebs-, Erzeugungsort Moskva :
Produzent, Herausgeber, Distributor, Hersteller Izd. Verchovnogo Soveta SSSR,
Datum der Herstellung, der Veröffentlichung, des Vertriebs oder des Urheberschutzvermerks 1990
246 12 - Titelvarianten
Hauptsachtitel/Kurztitel Vtoroj s'ezd narodnych deputatov SSSR : 12-24 dekabrja 1989 g. ; Stenografičeskij otčet
Zählung des Teils/der Abteilung eines Werkes Tom 6
300 ## - Physische Beschreibung
Umfang 623 S.
773 08 - Übergeordnete Einheit
Datensatzkontrollnummer a987680703
Zählung und erste Seite Tom6
942 ## - Zusätzliche Felder (Koha)
Koha-Medientyp Monographien
Exemplare
Ausgeschieden Verloren Klassifikation oder Aufstellungssystematik Beschädigt Nicht entleihbar Heimatbibliothek Aufenthaltsbibliothek Aufstellungsort Erwerbungsdatum Inventarnummer Signatur Barcode Letzte Aktivität Preis gültig von Koha-Medientyp
    Andere/Generische Klassifikation     MWN Osteuropa MWN Osteuropa Magazin - 2 07/07/2017 17-03236 Ersatzß R 65 ee SND 2 (6) E00401507902DAFA 23/04/2020 22/03/2021 Monographien